Statistics for Holst's The Planets

Click here to take the quiz!

General Stats

  • This quiz has been taken 82 times
  • The average score is 4 of 7

Answer Stats

PlanetTitle% Correct
MarsThe Bringer of War
97%
JupiterThe Bringer of Jollity
76%
VenusThe Bringer of Peace
68%
SaturnThe Bringer of Old Age
51%
NeptuneThe Mystic
51%
UranusThe Magician
50%
MercuryThe Winged Messenger
46%

Score Distribution

Percentile by Number Answered

Percent of People with Each Score

Your Score History

You have not taken this quiz